Koľajový zvršok a spodok pre koľajové vozidlá. E 01B 3/28

Bibliographic Details
Main Author: Salzmann, Heinrich (Author)
Format: Book
Language:Undetermined
PhysicalDescription:7 s.
Published: Bratislava Úrad priemyselného vlastníctva SR 1999

MARC

LEADER 00000nam a2200000 a 4500
001 vtls001357306
003 SK-MaSNL
005 20260301010544.0
008 240314sm y0 xo 0 und
035 |a SNK000310800 
040 |a SNK  |b slo  |c SNK  |e AACR2 
044 |a xo  |c SK 
100 1 |a Salzmann, Heinrich  |4 aut  |9 287674 
245 1 0 |a Koľajový zvršok a spodok pre koľajové vozidlá. E 01B 3/28 
260 |a Bratislava  |b Úrad priemyselného vlastníctva SR  |c 1999 
300 |a 7 s. 
999 |c 548463  |d 550393 
952 |t P60, <04>, [BOOK], {604}  |a SNK  |b SNK  |y VYP  |7 0  |p 17A0183297  |o snkSK 279244  |i snkPS 94/99  |0 0  |1 0  |4 0  |d 1999-03-10  |l 0  |r 2005-01-02 00:00:00  |w 2026-02-23